00357nam a2200133Ia 4500003000400000005001700004008004100021040001800062041000800080100005600088110002400144245003500168260002000203OSt20230526104901.0211028s2017 xx 000 0 und d cAIMIT LIBRARY aeng aDsouza, Enola Rubina; Vijaykumar, Suchetha.e151911 aSuchetha Vijaykumar aEnhancement of validator tool. aMangalorec2017